000 01431nam a2200241Ia 4500
003 Ost
005 20260507075153.0
008 260507s9999||||xx |||||||||||||| ||und||
040 _cfsecg
041 _aara
082 _a330
100 _aمغبغب، نعيم
_eمؤلف
245 0 _aبراءة الاختراع ملكية صناعية و تجارية :
_bدراسة في القانون المقارن /
_c نعيم مغبغب
250 _aطبعة 2
260 _aبيروت:
_bمنشورات الحلبي الحقوقية,
_c2009
300 _a432 صفحة؛
_c24 سم
504 _aمراجع ص.411 ؛ ملاحق ص.299
520 _a1) الاستحصال على براءة الاختراع :براءة الاختراع و اطارها القانوني ،الشروط الموضوعية العامة لجميع الاختراعات و الشروط الخاصة ببعض الاختراعات و الشروط الشكلية للحصول على براءة الاختراع 2) استثمار براءة الاختراع : أثار البراءة ، الاجراءات الاحتياطية قبل وقوع جرم التقليد ، جرم التقليد ، الحماية في الميدان الدولي ــ اتفاقية اتحاد باريس المعدّلة
653 _aبراءات الاختراع
653 _aحق الملكية
653 _aقانون براءات الاختراع
942 _cكتاب
999 _c43353
_d43353